| 000 | 01488cad a22002535a 4500 | ||
|---|---|---|---|
| 001 | L159025 | ||
| 008 | 120214s2015 xxk f 000 0 eng d | ||
| 035 | _a(Sirsi) u159025 | ||
| 041 | 0 | _aeng | |
| 110 | 2 |
_aDodge Data & Analytics _96167 |
|
| 245 | 0 | 0 |
_aMeasuring the impact of BIM on complex buildings _h[electronic resource] |
| 260 |
_a[S.l.] _bDodge Data & Analytics _c2015 |
||
| 520 | _aReports that using BIM can greatly reduce the risk and increase the success of complex construction projects such as hospitals, laboratories, airports and manufacturing plants. The research shows that nearly 75% of contractors and two-thirds of architects believed that BIM had a significant impact on improving the achievability of construction of the final design, helping to reduce expensive rework and improve cost and schedule performance. This is the first study to start quantifying BIM's value across hundreds of users. | ||
| 590 | _aKA NTK | ||
| 650 | 2 | 4 | _aBUILDING INFORMATION MODELLING |
| 650 | 2 | 4 |
_aCOST MANAGEMENT _96233 |
| 651 | 4 |
_aUnited States _y1959- |
|
| 690 |
_aBIM _96219 |
||
| 710 | 1 | _aSkanska | |
| 710 | _aUS Department of Veterans Affairs | ||
| 856 | 4 | 0 |
_uhttps://c.ymcdn.com/sites/www.nibs.org/resource/resmgr/Docs/BIMSmartMarketReport.pdf _zView the item free of charge at www.nibs.org |
| 856 | 4 | 0 |
_uhttps://analyticsstore.construction.com/smartmarket-reports/ComplexBIM.html _zView the item free of charge at www.analyticsstore.construction.com |
| 942 |
_n0 _2ddc |
||
| 999 |
_c115631 _d115631 |
||